000 01177nam a22002177a 4500
005 20150204121220.0
008 131119b2009 ck ||||| |||| 00| 0 spa d
040 _aCO-BoIAVH
_cCO-BoIAVH
041 _aspa
044 _ack
090 _aIAVH
_b01544
100 _aMachado Hernandez- Eliana Marcela
_92828
245 _aExposicion aves rapaces diurnas de Colombia
_bInforme final
246 _aGuía ilustrada de aves de Mamapacha
260 _aGaragoa
_bInstituto de Investigación de Recursos Biológicos Alexander von Humboldt
_bCorporacion Autonoma Regional de Chivor
_c2009
300 _a27 p.
_bil
_c27 cm.
_ecd
500 _aInforme técnico convenio interadministrativo 08-438 suscrito entre la Corpochivor y Instituto de Investigación de Recursos Biológicos Alexander von Humboldt.
520 _aSensibilizar al publico en general sobre la importación biológica y cultural de las aves rapaces y su conservación, al tiempo que se familiariza a la comunidad en general con las especies de rapaces diurnas que hacen parte de la biodiversidad en la jurisdiccion de Corpochivor.
650 _aAves rapaces diurnas
_zGaragoa (Boyaca)
_932607
942 _2z
_cINFORME
999 _c7871
_d7871